Molecular cloning of rubber elongation factor protein cDNA from Hevea brasiliensis Muell. Arg. and its heterologous expression in Escherichia coli and Nicotiana tabacum (Record no. 63183)

MARC details
000 -LEADER
fixed length control field 00533nam a2200157Ia 4500
100 ## - MAIN ENTRY--AUTHOR NAME
Personal name Priya P
245 #0 - TITLE STATEMENT
Title Molecular cloning of rubber elongation factor protein cDNA from Hevea brasiliensis Muell. Arg. and its heterologous expression in Escherichia coli and Nicotiana tabacum
260 ## - PUBLICATION, DISTRIBUTION, ETC. (IMPRINT)
Name of publisher Current Science
Year of publication 2007
300 ## - PHYSICAL DESCRIPTION
Number of Pages 1077-107
650 ## - SUBJECT ADDED ENTRY--TOPICAL TERM
Topical Term Molecular cloning
650 ## - SUBJECT ADDED ENTRY--TOPICAL TERM
Topical Term Rubber elongation
700 ## - ADDED ENTRY--PERSONAL NAME
Personal name Thulaseedharan A
700 ## - ADDED ENTRY--PERSONAL NAME
Personal name Venakatachalam P
942 ## - ADDED ENTRY ELEMENTS (KOHA)
Koha item type Journals
Holdings
Withdrawn status Lost status Damaged status Not for loan Home library Current library Shelving location Date acquired Serial Enumeration / chronology Koha item type
      Journals RRII Library RRII Library Biotechnology 22/11/2007 Volume 93, Issue 8 Journals